LEADER 01829nam 22004693 450 001 996716671103316 005 20251206060327.0 010 $a1-83695-310-0 035 $a(MiAaPQ)EBC32227893 035 $a(Au-PeEL)EBL32227893 035 $a(CKB)43926648600041 035 $a(OCoLC)1559217868 035 $a(EXLCZ)9943926648600041 100 $a20251206d2026 uy 0 101 0 $aeng 135 $aurcnu|||||||| 181 $ctxt$2rdacontent 182 $cc$2rdamedia 183 $acr$2rdacarrier 200 10$aArctic Silk Roads $eAn Anthropology of the Unbuilt 205 $a1st ed. 210 1$aNew York, NY :$cBerghahn Books, Incorporated,$d2026. 210 4$d©2026. 215 $a1 online resource (220 pages) 225 1 $aStudies in the Circumpolar North Series ;$vv.7 330 $aAs climate change accelerates, melting sea ice is fueling the global imagination and geopolitical anticipation of the Arctic region's accessible transport routes and possibilities for resource extraction. Arctic Silk Roads examines the different conditions under which top-down infrastructural dreams facilitate or constrain individual agencies. 410 0$aStudies in the Circumpolar North Series 606 $aSCIENCE / Global Warming & Climate Change$2bisacsh 606 $aSCIENCE / Life Sciences / Ecology$2bisacsh 606 $aSOCIAL SCIENCE / Anthropology / Cultural & Social$2bisacsh 615 7$aSCIENCE / Global Warming & Climate Change 615 7$aSCIENCE / Life Sciences / Ecology 615 7$aSOCIAL SCIENCE / Anthropology / Cultural & Social 676 $a387.52091632 700 $aMagnani$b Natalia$0760704 801 0$bMiAaPQ 801 1$bMiAaPQ 801 2$bMiAaPQ 906 $aBOOK 912 $a996716671103316 996 $aArctic Silk Roads$94464248 997 $aUNISA LEADER 01013nam 2200265 450 001 996704376203316 005 20260126165627.0 100 $a20260126d1960----km y0itay5003 ba 101 0 $aita 102 $aIT 105 $ay 00 y 200 1 $aOsservazioni sulla giurisdizione e sulla competenza del giudice italiano in tema di separazione personale giudiziale$fPasquale Colella 210 $aMilano$cGiuffrè$d1960 215 $a686-691 p.$d25 cm 300 $aEstratto da: Rivista del diritto matrimoniale e dello stato delle persone, anno 3, n. 5-6 (set.-dic. 1960) 606 0 $aSeparazione coniugale$xLegislazione$yItalia$2BNCF 676 $a346.450166 700 1$aCOLELLA,$bPasquale$0237132 801 0$aIT$bcba$gREICAT 912 $a996704376203316 951 $aXVI.7.Misc. 1748$b1777 FBUO$cXVI.7.Misc. 959 $aBK 969 $aFBUO 996 $aOsservazioni sulla giurisdizione e sulla competenza del giudice italiano in tema di separazione personale giudiziale$94530495 997 $aUNISA